[Event "GER-ch Youth U16W 2020"]
[Site "Willingen"]
[Date "2020.10.22"]
[Round "4.9"]
[White "Jacoby, Angelina"]
[Black "Klahold, Rona"]
[Result "1/2-1/2"]
[WhiteElo "1630"]
[BlackElo "1551"]
[Annotator "NA RC"]
[PlyCount "84"]
[EventDate "2020.10.20"]
[EventType "swiss"]
[EventRounds "7"]
[EventCountry "GER"]
[SourceTitle "playchess.com"]
[Source "ChessBase"]
[SourceQuality "1"]
[TimeControl "40/5400+30:1800+30"]

1. c4 {[%emt 0:00:00]} e5 {[%emt 0:00:00]} 2. g3 {[%emt 0:00:00]} Nc6 {[%emt 0:00:23]} 3. Bg2 {[%emt 0:00:42]} Bc5 {[%emt 0:01:32]} 4. Nc3 {[%emt 0:01:01]} f5 {[%emt 0:02:22]} 5. e3 {[%emt 0:03:02]} Nf6 {[%emt 0:02:02]} 6. Nge2 {[%emt 0:02:26]} d6 {[%emt 0:10:09]} 7. d4 {[%emt 0:03:15]} Bb6 {[%emt 0:04:45]} 8. b3 {[%emt 0:14:50]} O-O {[%emt 0:06:11]} 9. O-O {[%emt 0:01:30]} Qe8 {[%emt 0:04:30]} 10. Ba3 {[%emt 0:14:15]} e4 {[%emt 0:09:43]} 11. Rb1 {[%emt 0:05:32]} a6 {[%emt 0:03:28]} 12. Nf4 {[%emt 0:05:41]} Ne7 {[%emt 0:06:38]} 13. b4 {[%emt 0:05:15]} g5 {[%emt 0:03:06]} 14. Nfe2 {[%emt 0:04:50]} d5 {[%emt 0:08:13]} 15. c5 {[%emt 0:19:19]} Ba7 {[%emt 0:00:55]} 16. h3 {[%emt 0:04:28]} c6 {[%emt 0:04:50]} 17. Bc1 {[%emt 0:01:45]} Qh5 {[%emt 0:05:50]} 18. Bd2 {[%emt 0:03:18]} f4 {[%emt 0:03:35]} 19. exf4 {[%emt 0:00:06]} Bxh3 {[%emt 0:00:34]} 20. f3 {[%emt 0:01:38]} Bxg2 {[%emt 0:04:36]} 21. Kxg2 {[%emt 0:00:05]} exf3+ {[%emt 0:00:50]} 22. Rxf3 {[%emt 0:00:06]} Ng4 {[%emt 0:00:41]} 23. Qh1 {[%emt 0:00:37]} Qxh1+ {[%emt 0:01:25]} 24. Rxh1 {[%emt 0:00:50]} gxf4 {[%emt 0:01:10]} 25. Rxf4 {[%emt 0:00:39]} Rxf4 {[%emt 0:00:25]} 26. Bxf4 {[%emt 0:00:07]} Nf5 {[%emt 0:02:16]} 27. Kf3 {[%emt 0:00:59]} Nf6 {[%emt 0:00:31]} 28. Be5 {[%emt 0:00:40]} Rf8 {[%emt 0:01:40]} 29. Rd1 {[%emt 0:02:28]} Nd7 {[%emt 0:01:41]} 30. Bf4 {[%emt 0:00:20]} Bb8 {[%emt 0:01:38]} 31. Rd3 {[%emt 0:00:52]} Kg7 {[%emt 0:03:32]} 32. Kg2 {[%emt 0:00:23]} Re8 {[%emt 0:01:59]} 33. Kf3 {[%emt 0:01:16]} Kf6 {[%emt 0:01:00]} 34. Bxb8 {[%emt 0:00:17]} Nxb8 {[%emt 0:00:33]} 35. Nd1 {[%emt 0:00:22]} Nd7 {[%emt 0:00:23]} 36. Ne3 {[%emt 0:00:15]} Nxe3 {[%emt 0:00:46]} 37. Rxe3 {[%emt 0:00:04]} Rxe3+ {[%emt 0:00:04]} 38. Kxe3 {[%emt 0:00:06]} Kg5 {[%emt 0:00:12]} 39. Kf3 {[%emt 0:00:51]} h5 {[%emt 0:02:01]} 40. Nc1 {[%emt 0:02:46]} b6 {[%emt 0:02:12]} 41. Nb3 {[%emt 0:11:03]} bxc5 {[%emt 0:06:39]} 42. bxc5 {[%emt 0:00:56]} Kf5 {[%emt 0:00:31]} 1/2-1/2

[Event "GER-ch Youth U16W 2020"]
[Site "Willingen"]
[Date "2020.10.22"]
[Round "4.10"]
[White "Dohon, Maria-Johanna"]
[Black "Schwegler, Jelena"]
[Result "1/2-1/2"]
[WhiteElo "1536"]
[BlackElo "1539"]
[Annotator "NA RC"]
[PlyCount "86"]
[EventDate "2020.10.20"]
[EventType "swiss"]
[EventRounds "7"]
[EventCountry "GER"]
[SourceTitle "playchess.com"]
[Source "ChessBase"]
[SourceQuality "1"]
[TimeControl "40/5400+30:1800+30"]

1. d4 {[%emt 0:00:00]} Nf6 {[%emt 0:00:00]} 2. Nf3 {[%emt 0:00:00]} g6 {[%emt 0:00:00]} 3. g3 {[%emt 0:00:00]} Bg7 {[%emt 0:00:00]} 4. Bg2 {[%emt 0:00:00]} O-O {[%emt 0:00:01]} 5. O-O {[%emt 0:00:00]} d6 {[%emt 0:00:24]} 6. c4 {[%emt 0:00:14]} c5 {[%emt 0:01:54]} 7. d5 {[%emt 0:00:56]} Nbd7 {[%emt 0:06:58]} 8. Nc3 {[%emt 0:04:30]} Ng4 {[%emt 0:05:58]} 9. Qc2 {[%emt 0:04:19]} Nde5 {[%emt 0:03:01]} 10. Nd2 {[%emt 0:04:36]} a6 {[%emt 0:02:58]} 11. h3 {[%emt 0:01:01]} Nf6 {[%emt 0:01:11]} 12. a4 {[%emt 0:01:58]} b6 {[%emt 0:06:59]} 13. e4 {[%emt 0:04:06]} Bb7 {[%emt 0:04:17]} 14. f4 {[%emt 0:03:03]} Ned7 {[%emt 0:00:34]} 15. Nf3 {[%emt 0:02:33]} Qc7 {[%emt 0:01:26]} 16. Be3 {[%emt 0:01:56]} e6 {[%emt 0:01:52]} 17. Bf2 {[%emt 0:04:40]} exd5 {[%emt 0:01:53]} 18. cxd5 {[%emt 0:03:09]} Rfe8 {[%emt 0:01:07]} 19. Rfe1 {[%emt 0:01:18]} Kh8 {[%emt 0:02:05]} 20. Rad1 {[%emt 0:02:58]} Re7 {[%emt 0:00:35]} 21. Re2 {[%emt 0:04:33]} Rae8 {[%emt 0:00:38]} 22. Nh2 {[%emt 0:09:30]} Qb8 {[%emt 0:03:14]} 23. Bf3 {[%emt 0:02:53]} Ba8 {[%emt 0:00:52]} 24. Be1 {[%emt 0:02:09]} b5 {[%emt 0:00:50]} 25. axb5 {[%emt 0:02:00]} axb5 {[%emt 0:00:07]} 26. Ra1 {[%emt 0:04:21]} b4 {[%emt 0:00:40]} 27. Nd1 {[%emt 0:00:29]} Nb6 {[%emt 0:00:37]} 28. Ra6 {[%emt 0:03:07]} Ra7 {[%emt 0:04:30]} 29. Rxa7 {[%emt 0:00:48]} Qxa7 {[%emt 0:00:07]} 30. b3 {[%emt 0:02:18]} Nbd7 {[%emt 0:04:01]} 31. Nf2 {[%emt 0:01:10]} Bb7 {[%emt 0:00:58]} 32. Qa2 {[%emt 0:02:29]} Qb6 {[%emt 0:00:44]} 33. Qb1 {[%emt 0:01:09]} Ra8 {[%emt 0:00:35]} 34. Ra2 {[%emt 0:00:24]} Rxa2 {[%emt 0:02:45]} 35. Qxa2 {[%emt 0:00:07]} Qa6 {[%emt 0:00:05]} 36. Qxa6 {[%emt 0:00:15]} Bxa6 {[%emt 0:00:02]} 37. Bd1 {[%emt 0:02:14]} Ne8 {[%emt 0:00:47]} 38. Bc2 {[%emt 0:01:51]} Nc7 {[%emt 0:05:31]} 39. Nfg4 {[%emt 0:02:44]} h5 {[%emt 0:00:52]} 40. Ne3 {[%emt 0:00:53]} Bd4 {[%emt 0:02:10]} 41. Kf2 {[%emt 0:31:02]} Kg7 {[%emt 0:30:52]} 42. Bd2 {[%emt 0:01:05]} f6 {[%emt 0:02:59]} 43. Nf3 {[%emt 0:01:48]} Nb5 {[%emt 0:04:04]} 1/2-1/2

[Event "GER-ch Youth U16W 2020"]
[Site "Willingen"]
[Date "2020.10.23"]
[Round "5.1"]
[White "Reuter, Elisa"]
[Black "Brunner, Sophia"]
[Result "1/2-1/2"]
[WhiteElo "1860"]
[BlackElo "1850"]
[Annotator "NA RC"]
[PlyCount "72"]
[EventDate "2020.10.20"]
[EventType "swiss"]
[EventRounds "7"]
[EventCountry "GER"]
[SourceTitle "playchess.com"]
[Source "ChessBase"]
[SourceQuality "1"]
[TimeControl "40/5400+30:1800+30"]

{[%evp 15,63,3,25,28,58,27,35,36,63,55,73,68,72,33,54,18,101,74,113,114,123,50,90,74,32767,29,60,59,32767,32767,32767,32767,32767,32767,73,56,66,33,32767,54,63,32767,32767,32767,32767,32767,32767,32767,53,39]} 1. c4 {[%emt 0:00:00]} c5 {[%emt 0:04:37]} 2. Nc3 {[%emt 0:00:00]} Nc6 {[%emt 0:00:06]} 3. g3 {[%emt 0:00:00]} g6 {[%emt 0:00:26]} 4. Bg2 {[%emt 0:00:02]} Bg7 {[%emt 0:00:13]} 5. Nf3 {[%emt 0:00:06]} Nf6 {[%emt 0:00:46]} 6. O-O {[%emt 0:00:25]} O-O {[%emt 0:00:35]} 7. d3 {[%emt 0:01:30]} d6 {[%emt 0:05:50]} 8. Rb1 {[%emt 0:02:09]} Nd7 {[%emt 0:20:17] A38: Symmetrical English vs ...g6: 4 Bg2 Bg7 5 Nf3 Nf6.} 9. Bd2 {[%emt 0:02:40]} Nde5 {[%emt 0:01:27]} 10. Ne1 {[%emt 0:01:53]} f5 {[%emt 0:10:04]} 11. a3 {[%emt 0:03:04] [#]} Nd7 $146 {[%emt 0:08:01]} ({Predecessor:} 11... e6 12. Nc2 g5 13. Qc1 Nf7 14. b4 cxb4 15. axb4 h5 16. b5 Nce5 17. f4 gxf4 18. gxf4 Ng6 19. Bf3 Nxf4 20. Bxf4 Bxc3 21. Bxh5 Qh4 22. Bf3 {½-½ (22) Yordanova,S (2113)-Yaramis,H (1955) Skopje 2017}) 12. b4 {[%emt 0:02:13]} e5 {[%emt 0:00:53]} 13. Nc2 Nb6 {[%emt 0:15:11]} 14. b5 {[%emt 0:18:37]} Nd4 {[%emt 0:01:00]} 15. Nxd4 {[%emt 0:00:54]} exd4 {[%emt 0:04:22]} (15... cxd4 $14 16. Nd5 Be6) 16. Nd5 {[%emt 0:01:36]} Nxd5 {[%emt 0:04:58]} 17. Bxd5+ {[%emt 0:00:06]} Kh8 {[%emt 0:00:01]} 18. Qc1 {[%emt 0:03:23]} ({White should play} 18. e3 $16) 18... Qe7 {[%emt 0:03:10]} 19. Re1 {[%emt 0:00:50]} Be6 {[%emt 0:02:10]} 20. e4 {[%emt 0:16:24]} Bxd5 {[%emt 0:00:46]} 21. exd5 {[%emt 0:00:12]} Qd7 {[%emt 0:06:05]} 22. Bf4 {[%emt 0:01:22]} Rfe8 {[%emt 0:00:56]} 23. Qd2 {[%emt 0:00:45]} Be5 {[%emt 0:03:15]} 24. Bg5 {[%emt 0:02:39]} Kg7 {[%emt 0:02:14]} 25. Kf1 {[%emt 0:05:10]} Kf7 {[%emt 0:02:30]} 26. Re2 {[%emt 0:03:03]} Bg7 {[%emt 0:01:10]} 27. Rbe1 {[%emt 0:01:31]} Rxe2 {[%emt 0:00:23]} 28. Qxe2 {[%emt 0:00:54]} Re8 {[%emt 0:00:47]} 29. Qxe8+ {[%emt 0:00:39]} Qxe8 {[%emt 0:00:01]} 30. Rxe8 {[%emt 0:00:07]} Kxe8 {[%emt 0:00:02]} 31. Ke2 {[%emt 0:00:13]} Kd7 {[%emt 0:00:58]} 32. h4 $14 {[%emt 0:00:24]} h5 {[%emt 0:01:36]} 33. a4 {[%emt 0:00:33]} Be5 {[%emt 0:00:44]} 34. f4 {[%emt 0:02:17]} Bg7 {[%emt 0:00:07]} 35. Kd2 {[%emt 0:00:05]} Bf8 {[%emt 0:00:45]} 36. a5 {[%emt 0:00:21]} a6 {[%emt 0:00:12]} 1/2-1/2

[Event "GER-ch Youth U16W 2020"]
[Site "Willingen"]
[Date "2020.10.23"]
[Round "5.2"]
[White "Butenandt, Svenja"]
[Black "Pavlov, Liliane"]
[Result "1-0"]
[WhiteElo "1986"]
[BlackElo "1744"]
[Annotator "TA"]
[PlyCount "75"]
[EventDate "2020.10.20"]
[EventType "swiss"]
[EventRounds "7"]
[EventCountry "GER"]
[SourceTitle "playchess.com"]
[Source "ChessBase"]
[SourceQuality "1"]

{[%evp 20,75,20,15,16,0,21,0,0,0,11,-29,79,-76,-81,-83,-96,-112,-59,-83,-31,-11,-28,-37,-33,-102,159,152,137,149,180,41,213,68,70,0,70,0,164,80,101,80,81,89,1011,1010,29977,29978,29974,29971,6219,5285,5289,6175,29984,29985,29991,29992]} 1. d4 Nf6 2. c4 c5 3. d5 e6 4. Nc3 exd5 5. cxd5 Bd6 6. g3 O-O 7. Bg2 Re8 8. Nf3 a6 9. a4 Bc7 10. O-O d6 11. Nd2 Nbd7 {[%cal Bb8d7,Bd7e5,Be5g6][%mdl 32] A60: Modern Benoni: Early Divergences.} 12. e4 Ne5 {[#]} 13. Qe2 $146 ({Predecessor:} 13. Qc2 Bd7 14. f4 Ng6 15. b3 b5 16. h3 Rb8 17. Bb2 h6 18. Rfe1 Qc8 19. Kh2 {0-1 (49) Vujec,I (1994)-Monjac,M (1882) Sv Filip i Jakov 2010}) 13... Bd7 {The position is equal.} 14. f4 Ng6 15. Qd1 Rb8 (15... Ba5 $1 $11 {keeps the balance.}) 16. Re1 $2 (16. e5 $1 $16 {and life is bright.}) 16... b5 $17 17. axb5 axb5 18. h3 Bb6 (18... Ba5 $17) 19. Kh2 Ra8 ({Black should play} 19... c4 $17) 20. Rxa8 $15 Qxa8 21. Qc2 c4 22. b3 (22. b4 $15) 22... b4 $2 {[%mdl 8192]} (22... h5 $1 $17 {Threatens to win with ...h4.} 23. bxc4 h4) 23. Nxc4 $16 {[%mdl 64] Double Attack} Bc5 24. Ne2 h5 25. e5 (25. Bb2 $1 $18) 25... Nxd5 $2 {[#]} (25... dxe5 $14 26. Nxe5 Qc8 27. Nxd7 Nxd7) 26. Nxd6 (26. e6 $1 $18 {[%cal Re6d7][%mdl 512]} Rxe6 (26... Bxe6 27. f5) 27. f5 {[%mdl 64] Double Attack} Rxe2 28. Qxe2) 26... Bxd6 $14 27. exd6 (27. Rd1 $14 Bc6 28. exd6) 27... Qa5 ({Black should try} 27... Qa7 $11 28. Qd2 Ne3) 28. Bd2 (28. Rd1 $14 Nc3 29. Nxc3 bxc3 30. Rd5) 28... Ne3 $2 (28... h4 $11) 29. Bxe3 (29. Qc7 $18 {is more deadly.} Qxc7 30. dxc7 Nxg2 31. Kxg2) 29... Rxe3 $16 {[#]} 30. Qc7 $1 {[%cal Rc7a5]} Qxc7 31. dxc7 {Strongly threatening Rd1.} Rxb3 $2 {[%mdl 8192]} (31... Bc8 $16) 32. Rd1 $18 Nf8 {[#]} 33. Rxd7 $1 {[%mdl 576] Remove Defender, Decoy, Promotion} Nxd7 34. c8=Q+ {[%mdl 64] Double Attack} Nf8 35. Nd4 Rc3 36. Nc6 {Threatening mate with Ne7+.} g6 {[#]} 37. Qb8 $1 b3 38. Ne7+ {Av CentiPawn Loss W=-37/B=-123. Weighted=-48/-118} 1-0

[Event "GER-ch Youth U16W 2020"]
[Site "Willingen"]
[Date "2020.10.23"]
[Round "5.3"]
[White "Bardorz, Jana"]
[Black "Rudolph, Eva"]
[Result "1/2-1/2"]
[WhiteElo "1960"]
[BlackElo "1836"]
[Annotator "TA"]
[PlyCount "144"]
[EventDate "2020.10.20"]
[EventType "swiss"]
[EventRounds "7"]
[EventCountry "GER"]
[SourceTitle "playchess.com"]
[Source "ChessBase"]
[SourceQuality "1"]

{[%evp 19,144,36,73,45,68,29,32,22,26,12,99,95,98,84,165,173,176,150,163,155,158,151,293,184,232,159,141,18,12,0,0,0,0,0,0,0,0,-94,-90,-102,-86,-93,-52,-54,-44,-73,-68,-72,-20,-18,-12,-39,0,-40,0,-33,-39,-39,-39,-63,0,0,0,0,0,0,0,0,0,0,0,0,0,-15,-15,-12,-12,-12,-26,-28,-28,-15,-15,-203,-199,-195,-172,-187,-178,-165,-148,-198,-195,-169,-93,-93,-38,-23,0,0,0,-8,0,0,0,0,0,0,0,0,0,0,0,0,0,0,0,0,0,0,0,0,0,0,0,-8,0]} 1. e4 c5 2. Nf3 d6 3. d4 cxd4 4. Nxd4 Nf6 5. Nc3 a6 6. f4 e6 7. Qf3 Qb6 8. Nb3 Qc7 9. g4 b5 10. g5 Nfd7 11. Bd3 {[#] B82: Sicilian Scheveningen: 6 f4.} Nb6 $146 ({Predecessor:} 11... Bb7 12. Qh3 g6 13. Rf1 Bg7 14. f5 exf5 15. exf5 Bxc3+ 16. bxc3 Ne5 17. fxg6 fxg6 18. Ba3 Bc8 19. Qe3 Nbc6 {½-½ (50) Heinemann,T (2453)-Nielsen,P (2651) Germany 2007}) 12. f5 N8d7 13. fxe6 {White is slightly better.} fxe6 14. Bf4 Nc4 (14... b4 $11 {keeps the balance.} 15. Ne2 Be7) 15. Bxc4 $1 $16 Qxc4 16. O-O-O $36 {[%mdl 2048] White is really pushing.} Ne5 (16... b4 $16) 17. Bxe5 $1 $18 dxe5 18. Rhf1 {[%csl Gf1][%cal Rf3f7]} Qc7 19. Rd2 Bb4 {intending ...Rf8.} 20. Rdf2 Qe7 (20... Ra7 $16 21. Kb1 Bd6) 21. Qe3 Bd7 22. g6 hxg6 23. Qg3 (23. a3 $16 Bd6 24. Qb6) 23... O-O-O $11 24. Qxe5 Rh5 25. Qg3 Qg5+ 26. Qxg5 Rxg5 27. Rf7 Bc6 28. Nd2 (28. Rxg7 $11 {remains equal.} Rg2 29. e5) 28... Rg2 $17 29. R7f2 Rxf2 30. Rxf2 Bc5 31. Rf3 Bd4 32. Nb3 Bb6 33. a3 Kc7 (33... Rh8 $17 34. h3 Kc7) 34. Rg3 $11 Be8 35. Nd2 Rd7 36. Nf3 Rf7 37. Ne5 Rf1+ 38. Kd2 Rf2+ 39. Kd3 Kd6 (39... Rxh2 $15 40. Nxg6 Bf2) 40. Nxg6 Bxg6 41. Rxg6 {[%mdl 4096] Endgame KRB-KRN} Rf3+ 42. Ke2 Rf2+ 43. Kd3 Rf3+ 44. Ke2 Rf2+ 45. Kd3 Rxh2 46. Rxg7 Rh3+ 47. Kd2 Be3+ 48. Ke2 Bd4 49. Rb7 Bxc3 50. bxc3 Rxc3 {KR-KR} 51. Rb6+ $2 (51. a4 $11) 51... Rc6 $19 52. Rb8 Rxc2+ 53. Kd3 {[#]} Rc4 $1 54. Rb6+ {[#]} Rc6 $1 {[%cal Rc6b6]} 55. Rb8 Kc7 56. Re8 Kd7 ({Black should play} 56... Kb7 $19 57. e5 a5) 57. Ra8 $17 Rb6 (57... Rd6+ $17 58. Ke3 Kc7) 58. Kd4 $1 $15 Rd6+ 59. Ke5 {Ra7+ would kill now.The position is equal.} Rc6 60. Ra7+ Kd8 61. Kf6 Rb6 62. e5 Rc6 63. Ra8+ Kc7 64. Re8 a5 {Hoping for ...b4.} 65. Rxe6 Rxe6+ 66. Kxe6 b4 (66... a4 $5 67. Kf7 $8 b4 68. axb4 a3 $11) 67. axb4 axb4 $11 {KP-KP} (67... a4 $5 68. Kf7 $8 a3 $11) 68. Kf7 b3 69. e6 b2 70. e7 b1=Q {( -> ...Qf5+)} 71. e8=Q Qf5+ 72. Kg8 Qg5+ {White used his chance. Av CentiPawn Loss W=-15/B=-14. Weighted=-18/-20} 1/2-1/2

[Event "GER-ch Youth U16W 2020"]
[Site "Willingen"]
[Date "2020.10.23"]
[Round "5.4"]
[White "Heutling, Elina"]
[Black "Peglau, Mirjam"]
[Result "1/2-1/2"]
[WhiteElo "1873"]
[BlackElo "1909"]
[Annotator "TA"]
[PlyCount "92"]
[EventDate "2020.10.20"]
[EventType "swiss"]
[EventRounds "7"]
[EventCountry "GER"]
[SourceTitle "playchess.com"]
[Source "ChessBase"]
[SourceQuality "1"]

{[%evp 14,92,36,27,37,27,45,14,140,129,133,125,120,127,218,204,212,172,185,193,184,171,159,162,148,162,197,187,209,204,204,206,203,201,216,165,208,200,258,254,254,254,238,231,247,235,242,234,350,323,303,240,309,157,173,167,159,0,0,0,0,0,0,0,0,0,0,0,0,0,0,-1341,-1330,-1208,0,0,0,0,0,0,0]} 1. e4 e5 2. Nf3 Nf6 3. Nxe5 d6 4. Nf3 Nxe4 5. d4 Bf5 6. Bd3 Be7 7. c4 d5 8. O-O dxc4 {C42: Petroff Defence: 3 Nxe5 and unusual White 3rd moves.} 9. Bxc4 O-O 10. Ne5 {[#] 10.Re1 is becoming the main line.} Nd7 $146 (10... Nc6 $11) ({Predecessor:} 10... Nd6 11. Bb3 Nd7 12. Qf3 Be4 13. Qf4 Nf6 14. Nc3 c6 15. Nxe4 Ndxe4 16. Be3 Nd6 {½-½ (37) Pijpers,A (2462)-Stark,L (2397) Belgium 2018}) 11. Nxf7 $1 $16 Rxf7 12. Bxf7+ Kxf7 13. Qf3 $1 Ndf6 (13... Nd6 $16) 14. Qxf5 $18 Qxd4 15. Qf3 Rd8 16. Qb3+ Qd5 17. Qxd5+ Rxd5 18. Be3 Ng4 19. f3 Nxe3 20. fxe4+ {[%mdl 64] Discovered Attack} Nxf1 21. exd5 {[%mdl 4096] Endgame KRN-KBN} Ne3 {Strongly threatening ...Nc2.} 22. Nc3 Bc5 {White must now prevent ...Nc2+.} 23. Kh1 a6 24. Re1 Bb6 25. h3 Kf6 26. d6 cxd6 27. Rxe3 {[%mdl 64] Remove Defender, Decoy} Bxe3 {KB-KN} 28. Nd5+ {[%mdl 64] Double Attack} Ke5 29. Nxe3 {KN-KP} Ke4 30. Nc4 d5 (30... Kd5 $142 31. b3 Kc5) 31. Nd6+ {[%mdl 64] Double Attack} Ke3 32. Kg1 Ke2 {intending ...d4.} 33. Nf5 (33. Nxb7 $18 d4 34. Nc5) 33... g6 $16 34. Nd4+ $1 Kd3 {[#]} 35. Nf3 $2 (35. Ne6 $1 $16) 35... Kc2 $1 $11 36. b3 (36. b4 {looks sharper.} Kb2 37. Ne1 Kxa2 38. Kf2 Kb3 39. Nd3) 36... Kb2 37. Kf2 Kxa2 38. Nd4 Kb2 39. Ke3 Kc3 40. g4 b5 {[%cal Bb7b5,Bb5b4][%mdl 32]} 41. g5 b4 $1 42. Ne6 $2 {[%mdl 8192]} (42. Nc6 $11 Kxb3 43. Kd3) 42... Kxb3 $19 43. Nc5+ {[#]} Kc3 $2 ({Better is} 43... Ka3 $1 $19 {aiming for ...b3.} 44. Kd2 b3) 44. Nxa6 $11 {The position is equal.} d4+ (44... b3 $5 45. Nc5 $8 Kc2 46. Nxb3 Kxb3 $11) 45. Ke4 {And now Nxb4! would win.} d3 $1 {[%cal Rd3d2] [#]} ({But not} 45... b3 $2 46. Nc5 $18) 46. Nxb4 $1 {[%mdl 512]} Kxb4 {White used his chance. Av CentiPawn Loss W=-39/B=-42. Weighted=-39/-40} 1/2-1/2

[Event "GER-ch Youth U16W 2020"]
[Site "Willingen"]
[Date "2020.10.23"]
[Round "5.5"]
[White "Kalina, Lena"]
[Black "Schnabel, Luise"]
[Result "1/2-1/2"]
[WhiteElo "1561"]
[BlackElo "1867"]
[Annotator "NA RC"]
[PlyCount "122"]
[EventDate "2020.10.20"]
[EventType "swiss"]
[EventRounds "7"]
[EventCountry "GER"]
[SourceTitle "playchess.com"]
[Source "ChessBase"]
[SourceQuality "1"]
[TimeControl "40/5400+30:1800+30"]

1. c4 {[%emt 0:00:00]} Nf6 {[%emt 0:00:00]} 2. Nc3 {[%emt 0:00:00]} g6 {[%emt 0:00:42]} 3. g3 {[%emt 0:00:17]} Bg7 {[%emt 0:01:55]} 4. Bg2 {[%emt 0:00:32]} O-O {[%emt 0:01:33]} 5. e4 {[%emt 0:01:20]} e5 {[%emt 0:04:45]} 6. Nge2 {[%emt 0:02:15]} d6 {[%emt 0:05:07]} 7. O-O {[%emt 0:02:32]} Nc6 {[%emt 0:03:31]} 8. d3 {[%emt 0:01:09]} Nd7 {[%emt 0:05:18]} 9. Be3 {[%emt 0:03:15]} Nc5 {[%emt 0:04:06] A26: English Opening vs King's Indian with ...Nc6 and d3.} 10. b3 {[%emt 0:08:58] [#]} Bd7 $146 {[%emt 0:14:51]} ({Predecessor:} 10... Bg4 11. f3 Be6 12. Nd5 a5 13. Qd2 f5 14. Bg5 Qd7 15. Rab1 Rae8 16. a3 Nd4 17. Nxd4 exd4 {0-1 (121) Pinto Neto,A (1933)-Rodrigues,N (2049) Rio de Janeiro 2014}) 11. Rc1 {[%emt 0:07:31]} Qc8 {[%emt 0:05:48]} 12. d4 {[%emt 0:03:47]} exd4 {[%emt 0:06:44]} 13. Nxd4 {[%emt 0:01:16]} Ne5 {[%emt 0:05:31]} 14. Nd5 {[%emt 0:09:47]} Qd8 {[%emt 0:01:24]} 15. b4 {[%emt 0:06:07]} Na6 {[%emt 0:04:25]} 16. a3 {[%emt 0:08:41]} c6 {[%emt 0:05:10]} 17. Nf4 {[%emt 0:00:52]} Ng4 {[%emt 0:02:54]} 18. Nc2 {[%emt 0:02:09]} Nxe3 {[%emt 0:01:12]} 19. Nxe3 {[%emt 0:00:35]} Qe7 {[%emt 0:06:58]} 20. Qb3 {[%emt 0:05:06]} Be6 {[%emt 0:02:44]} 21. Nxe6 {[%emt 0:05:58]} fxe6 {[%emt 0:04:45]} 22. Rcd1 {[%emt 0:05:51]} Kh8 {[%emt 0:02:15]} 23. Rd2 {[%emt 0:01:56]} Rad8 {[%emt 0:02:02]} 24. Rfd1 {[%emt 0:01:07]} Rd7 {[%emt 0:01:25]} 25. Nc2 {[%emt 0:03:08]} Nc7 {[%emt 0:02:13]} 26. Nd4 {[%emt 0:01:26]} e5 {[%emt 0:01:15]} 27. Nc2 {[%emt 0:01:14]} Rdd8 {[%emt 0:00:29]} 28. Qe3 {[%emt 0:06:36]} a6 {[%emt 0:01:55]} 29. Rd3 {[%emt 0:01:44]} Ne8 {[%emt 0:02:19]} 30. c5 {[%emt 0:01:16]} Rf6 {[%emt 0:00:41]} 31. Qd2 {[%emt 0:02:42]} Qf8 {[%emt 0:00:31]} 32. f3 Bh6 {[%emt 0:00:25]} 33. Qe2 {[%emt 0:01:37]} Nc7 {[%emt 0:00:28]} 34. Ne3 {[%emt 0:01:18]} Bxe3+ {[%emt 0:00:14]} 35. Qxe3 {[%emt 0:00:15]} Nb5 {[%emt 0:00:12]} 36. Qd2 {[%emt 0:01:16]} h6 {[%emt 0:01:09]} 37. a4 {[%emt 0:00:58]} Nd4 {[%emt 0:00:40]} 38. f4 {[%emt 0:01:25]} dxc5 {[%emt 0:00:39]} 39. fxe5 {[%emt 0:00:48]} Nf3+ {[%emt 0:00:33]} 40. Bxf3 {[%emt 0:00:37]} Rxd3 {[%emt 0:00:18]} 41. Qxd3 {[%emt 0:31:18]} Rxf3 {[%emt 0:01:30]} 42. Qd7 {[%emt 0:00:00]} Rf7 {[%emt 0:08:00]} 43. Qd6 {[%emt 0:00:00]} cxb4 {[%emt 0:05:46]} 44. Qxg6 {[%emt 0:00:00]} b3 {[%emt 0:05:03]} 45. Rb1 {[%emt 0:00:00]} Rf3 {[%emt 0:02:53]} 46. Qe6 {[%emt 0:00:00]} h5 {[%emt 0:04:39]} 47. Qc4 {[%emt 0:00:00]} b5 {[%emt 0:02:45]} 48. Qxc6 {[%emt 0:00:00]} bxa4 {[%emt 0:00:19]} 49. Qxa4 {[%emt 0:00:00]} Qc5+ {[%emt 0:00:41]} 50. Kh1 {[%emt 0:00:00]} Qxe5 {[%emt 0:00:52]} 51. Rxb3 {[%emt 0:00:00]} Rxb3 {[%emt 0:00:50]} 52. Qxb3 {[%emt 0:00:01]} Qxe4+ {[%emt 0:00:10]} 53. Kg1 {[%emt 0:00:09]} Qe5 {[%emt 0:02:27]} 54. Qb6 {[%emt 0:02:09]} a5 {[%emt 0:00:54]} 55. Qh6+ {[%emt 0:00:48]} Kg8 {[%emt 0:00:09]} 56. Qg6+ {[%emt 0:00:06]} Kf8 {[%emt 0:00:27]} 57. Qc6 {[%emt 0:01:11]} Ke7 {[%emt 0:00:55]} 58. Qb7+ {[%emt 0:01:14]} Kf6 {[%emt 0:00:42]} 59. Qc6+ {[%emt 0:00:31]} Kf5 {[%emt 0:00:29]} 60. Qf3+ {[%emt 0:00:17]} Ke6 {[%emt 0:00:19]} 61. Qc6+ $11 {[%emt 0:00:17]} Ke7 {[%emt 0:00:37]} 1/2-1/2